Mystery Movie Monologue #6 - Statistics

General Stats
  • This quiz has been taken 601 times
  • The average score is 62 of 147
Answer Stats
Answer % Correct
I
98%
a
96%
the
91%
You
88%
you!
88%
do
77%
don't
77%
Who
76%
to
75%
And
73%
and
73%
what
73%
are
72%
we
71%
is
68%
it
68%
It
68%
they
67%
they?
67%
they're
67%
they've
67%
know
65%
me,
64%
me
64%
can't
58%
In
57%
in
57%
win!
55%
... For
51%
of
47%
there
43%
there,
43%
there's
43%
my
41%
us
41%
see
40%
had
38%
all
36%
But
36%
was
35%
wasn't
35%
did
34%
didn't
34%
at
31%
could
31%
wouldn't
29%
here,
25%
let
23%
hell
22%
just
21%
been
20%
those
18%
life
17%
over!
17%
yours.
16%
about!
14%
even
14%
war!
14%
off!
13%
world
13%
ask
12%
nothin'!
10%
Nothing
10%
Nothing!
10%
nothing!
10%
back
9%
back,
9%
Back
9%
...Back
9%
came
7%
turn
7%
asked
6%
huh?
6%
job
6%
somebody
6%
watch
6%
drive
5%
field,
5%
fly
5%
airport,
4%
baby
4%
Calling
4%
cars!
4%
charge
4%
civilian
4%
code
4%
crap!
4%
dollar
4%
equipment.
4%
gunship,
4%
hold
4%
honor:
4%
killer
4%
kinds
4%
maggots
4%
million
4%
parking
4%
protest
4%
protestin'
4%
spittin'.
4%
tank,
4%
Unless
4%
vile
4%
yelling
4%
No matching quizzes found
Score Distribution
Percent of People with Each Score
Percentile by Number Answered
Your Score History
You have not taken this quiz